000 00851naa a22002657i 4500
001 192807
003 ES-MaBCM
005 20230301083858.0
008 130304b2011 sp||||| |||| 00| 0 spa d
021 _axx
035 _a(OCoLC)1365226652
040 _cES-MaBCM
100 _961021
_aFerrándiz Martín, Francisco
245 _aGuerras sin fin
_bguía para descifrar el Valle de los Caídos en la España contemporánea
_cFrancisco Ferrandiz
520 _aContiene bibliografía
650 7 _aGuerra civil
_958847
650 7 _aMonumento
_959476
650 7 _aViolencia
_960625
650 7 _aAntropología política
_957560
651 4 _aEspaña
_9115342
773 0 _aEn
_dMadrid
_gVol. 48, n. 3 (mayo-ag. 2011), . 481-500
_tPolítica y sociedad
_w204740
942 _2udc
_cAREV
999 _c192807
_d192807
650 0 _aVíctima de guerra
_9126773